000 00786nam a22002297a 4500
003 OSt
005 20230315094738.0
008 221006b |||||||| |||| 00| 0 eng d
040 _cBiblioteca Lado V
082 _a701.1
_bR688a
100 _9790
_aRöder, Judith
_eautor
245 _aA Rock Formation A Stream, A Wood, A Cloud/
_bTemporary Gallery/
260 _bCentre for Contemporary Art
_c2021
_aAlemania
300 _c21x15cm
_a30p.
366 _eeng
490 _a2021
_vJunio-Octubre
650 _2Tesauro de Arte & Arquitectura
_aARTE
_9703
650 _2Tesauro de Arte & Arquitectura
_aTEORIA
650 _2Tesauro de Arte & Arquitectura
_aCRITICA
650 _2Tesauro de Arte & Arquitectura
_aARTE CONTEMPORANEO
942 _2ddc
_c1
_h701.1
_iR688a
_n0
999 _c3201
_d3201